Ismaelillo ; Versos libres ; Versos sencillos / (Registro nro. 8282)

Detalles MARC
000 -LIDER
fixed length control field 01123nam a2200349 a 4500
001 - NÚMERO DE CONTROL
Identificador de número de control 000000198
003 - IDENTIFICACDOR DE NÚMERO DE CONTROL
control field DO-SdBNP
005 - DATE AND TIME OF LATEST TRANSACTION
control field 20171113134626.0
007 - CAMPOS FIJOS DE DESCRIPCIÓN FÍSICA
fixed length control field 000000198
008 - ELEMENTOS DE LONGITUD FIJA
fixed length control field 081124s2008 sp a 001 0 spa d
020 ## - ISBN
International Standard Book Number 9788489163393
040 ## - FUENTE DE CATALOGACIÓN
Agencia que crea de manera original el registro BPMSU
Idioma de catalogación spa
Agencia que realiza la transcripción BPMSU
082 #4 - NÚMERO DE CLASIFICACIÓN DECIMAL DE DEWEY
Edition number
Classification number Cu861.3
Item number M378i
100 1# - ASIENTO PRINCIPAL -- NOMBRE PERSONAL
Nombre personal Martí, José,
Fechas asociadas con el nombre 1853-1895
245 1# - MENCIÓN DE TITULO
Título Ismaelillo ; Versos libres ; Versos sencillos /
Mención de responsabilidad José Martí ; edición José Golacheca
250 ## - MENCIÓN DE EDICION
Mención de edición 4a ed.
260 ## - PUBLICACIÓN, DISTRIBUCIÓN, ETC. (PIE DE IMPRENTA)
Lugar de publicación, distribución, etc Madrid :
Fecha de publicación, distribución, etc 2007.
300 ## - DESCRIPCIÓN FÍSICA
Extensión 153 p. :
Otros detalles físicos il. ;
Dimensiones 23 cm.
490 1# - MENCIÓN DE SERIES
Mención de serie Clásicos universales
Volume/sequential designation ; 4
650 #4 - ENCABEZAMIENTO DE MATERIA--TEMÁTICO
Término temático o nombre geográfico como elemento de entrada POESÍA CUBANA
650 #4 - ENCABEZAMIENTO DE MATERIA--TEMÁTICO
Término temático o nombre geográfico como elemento de entrada LITERATURA CUBANA
700 1# - ASIENTO SECUNDARIO -- NOMBRE PERSONAL
Nombre personal Golacheca, José
Mención de responsabilidad ed.
700 1# - ASIENTO SECUNDARIO -- NOMBRE PERSONAL
Nombre personal Martí, José.
Fechas asociadas con el nombre 1853-1895
Título de una obra Versos libres.
700 1# - ASIENTO SECUNDARIO -- NOMBRE PERSONAL
Nombre personal Martí, José.
Fechas asociadas con el nombre 1853-1895
Título de una obra Versos sencillos.
830 #0 - ASIENTO SECUNDARIO DE SERIE--TÍTULO UNIFORME
Título uniforme Clásicos universales (España)
Volume number/sequential designation 4
910 ## - VALIDACIÓN
Validación Validado. Control de calidad MFF
930 #1 - EQUIVALENCE OR CROSS-REFERENCE-UNIFORM TITLE HEADING [LOCAL, CANADA]
Language of a work
Medium of performance for music
Linkage
Field link and sequence number
Date of a work
Name of part/section of a work
930 #1 - EQUIVALENCE OR CROSS-REFERENCE-UNIFORM TITLE HEADING [LOCAL, CANADA]
Language of a work
Medium of performance for music LF1
Linkage 001189
Field link and sequence number 20090622
Date of a work 01
Name of part/section of a work
Medium
942 ## - ADDED ENTRY ELEMENTS (KOHA)
Source of classification or shelving scheme Dewey Decimal Classification
Koha item type Libros
945 ## - INFORMACIÓN DE PROCESAMIENTO LOCAL
Información de procesamiento local Inventariaso extranjero / 2017 VM
956 ## - LOCAL ELECTRONIC LOCATION AND ACCESS (OCLC)
Nombre de host VMATEO
Número de acceso 10
Información de compresión 20150921
Inicio de sesión BPMSU
Procesador de solicitud 00151
Existencias
Withdrawn status Lost status Source of classification or shelving scheme Damaged status Not for loan Collection code Home library Current library Date acquired Source of acquisition Total Checkouts Full call number Barcode Date last seen Price effective from Koha item type Copy number
    Dewey Decimal Classification     Colección General Biblioteca Pública Metropolitana Salomé Ureña Biblioteca Pública Metropolitana Salomé Ureña 09/21/2015 Compra   Cu861.3 M378i BPMSU15090147 09/21/2015 09/21/2015 Libros  
    Dewey Decimal Classification     Colección General Biblioteca Pública Metropolitana Salomé Ureña Biblioteca Pública Metropolitana Salomé Ureña 09/21/2015 Compra   Cu861.3 M378i BPMSU15090148 09/21/2015 09/21/2015 Libros e. 2
    Dewey Decimal Classification       Biblioteca Pública Metropolitana Salomé Ureña Biblioteca Pública Metropolitana Salomé Ureña 09/21/2015 Compra   Cu861.3 M378i BPMSU15090149 09/21/2015 09/21/2015 Libros e. 3